[Event "Landesklasse Ost 2012/2013"]
[Site "?"]
[Date "2013.01.27"]
[Round "6"]
[White "Werner, Daniel"]
[Black "Kretzschmar, Bernd"]
[Result "1/2-1/2"]
[WhiteElo "1713"]
[BlackElo "1862"]
[PlyCount "84"]
[EventDate "2013.??.??"]
[WhiteTeam "TSV Zeulenroda"]
[BlackTeam "VfL 1990 Gera"]

1. e4 g6 2. d4 Bg7 3. Nf3 d6 4. Be2 Nf6 5. Nc3 c6 6. O-O O-O 7. Re1 Qc7 8. h3
e5 9. dxe5 dxe5 10. Bc4 b5 11. Bb3 h6 12. a3 Nbd7 13. Be3 a6 14. Qe2 Bb7 15.
Rad1 Rad8 16. Ba2 c5 17. Nd5 Bxd5 18. Bxd5 Nb6 19. Ba2 Na4 20. Bc1 c4 21. c3
Nc5 22. Bb1 Rfe8 23. Nh2 Qc6 24. f3 Kh7 25. g3 Ne6 26. h4 Nh5 27. Kg2 Qc7 28.
Nf1 a5 29. Rxd8 Rxd8 30. Rd1 Bf8 31. Rxd8 Qxd8 32. Qd2 Qxd2+ 33. Bxd2 Bc5 34.
Ne3 Bxe3 35. Bxe3 g5 36. hxg5 hxg5 37. Bb6 a4 38. Bc2 Kg6 39. Kf2 Nf6 40. Be3
Nd7 41. Ke2 Ndc5 42. Bf2 Kf6 1/2-1/2

[Event "Landesklasse Ost 2012/2013"]
[Site "?"]
[Date "2013.01.27"]
[Round "6"]
[White "Hase, Bernd"]
[Black "Riemer, Marion"]
[Result "1/2-1/2"]
[WhiteElo "1508"]
[BlackElo "1783"]
[PlyCount "68"]
[EventDate "2013.??.??"]
[WhiteTeam "VfL 1990 Gera"]
[BlackTeam "TSV Zeulenroda"]

1. e4 d5 2. exd5 Nf6 3. Nc3 Nxd5 4. Nxd5 Qxd5 5. c3 Nc6 6. Qf3 Qxf3 7. Nxf3 Bf5
8. Bb5 Be4 9. d4 a6 10. Ba4 b5 11. Bd1 e6 12. O-O Bd6 13. Re1 Bd5 14. b3 O-O
15. Be3 Ne7 16. Be2 Nf5 17. Bd2 Rac8 18. g4 Ne7 19. c4 Bxf3 20. Bxf3 c5 21. Bb7
Rcd8 22. Ba5 Rd7 23. dxc5 Bxc5 24. Bf3 Ng6 25. Rad1 Rxd1 26. Rxd1 Ne5 27. Be2
h6 28. cxb5 axb5 29. Bc7 f6 30. h3 b4 31. Kg2 Ra8 32. Rd2 Ra7 33. Bxe5 fxe5 34.
Bc4 Kf7 1/2-1/2

[Event "Landesklasse Ost 2012/2013"]
[Site "?"]
[Date "2013.01.27"]
[Round "6"]
[White "Wiedemann, Volker"]
[Black "Dorst, Karl"]
[Result "1-0"]
[WhiteElo "1817"]
[BlackElo "1543"]
[PlyCount "59"]
[EventDate "2013.??.??"]
[WhiteTeam "TSV Zeulenroda"]
[BlackTeam "VfL 1990 Gera"]

1. Nf3 d5 2. b3 Nf6 3. Bb2 e6 4. e3 Be7 5. d4 Nbd7 6. Bd3 b6 7. O-O Bb7 8. Nbd2
O-O 9. c4 c6 10. Qe2 Re8 11. Rfd1 Qc7 12. Ne5 Nf8 13. Rac1 Rac8 14. Ndf3 Qb8
15. Ng5 Ng6 16. Ngxf7 Nxe5 17. Nxe5 Ba6 18. cxd5 Bxd3 19. Qxd3 cxd5 20. Qb5
Rxc1 21. Rxc1 Bd6 22. f3 Rc8 23. Rxc8+ Qxc8 24. Qc6 Qxc6 25. Nxc6 a6 26. Nd8 g6
27. Nxe6 h5 28. g3 Be7 29. Kg2 Ne8 30. Nf4 1-0

[Event "Landesklasse Ost 2012/2013"]
[Site "?"]
[Date "2013.01.27"]
[Round "6"]
[White "Pleyer, Jürgen"]
[Black "Stieber, Mike"]
[Result "1/2-1/2"]
[WhiteElo "1591"]
[BlackElo "1520"]
[PlyCount "35"]
[EventDate "2013.??.??"]
[WhiteTeam "VfL 1990 Gera"]
[BlackTeam "TSV Zeulenroda"]

1. e4 e5 2. Nf3 Nc6 3. Bc4 d6 4. h3 Be6 5. Be2 Nf6 6. d3 Nd4 7. Nxd4 exd4 8. c3
dxc3 9. Nxc3 c6 10. O-O Be7 11. Bg5 O-O 12. d4 Nxe4 13. Bxe7 Nxc3 14. Bxd8 Nxd1
15. Be7 Rfe8 16. Bxd6 Nxb2 17. Rfb1 Nc4 18. Bxc4 1/2-1/2

[Event "Landesklasse Ost 2012/2013"]
[Site "?"]
[Date "2013.02.17"]
[Round "7"]
[White "Jank, Kevin"]
[Black "Brüggemann, Joachim"]
[Result "0-1"]
[WhiteElo "1650"]
[BlackElo "2266"]
[PlyCount "44"]
[EventDate "2013.??.??"]
[WhiteTeam "SG Arnstadt-Stadtilm"]
[BlackTeam "Erfurter Schachklub"]

1. e4 c5 2. Nf3 Nc6 3. Be2 Nf6 4. Nc3 d6 5. d4 cxd4 6. Nxd4 e5 7. Nb3 Be7 8.
Be3 O-O 9. O-O a5 10. a4 Be6 11. f3 Nb4 12. Nd2 Rc8 13. Rc1 d5 14. exd5 Nfxd5
15. Nxd5 Nxd5 16. Bf2 Bg5 17. Bd3 Ne3 18. Bxe3 Bxe3+ 19. Kh1 Qh4 20. f4 Qh6 21.
Rb1 Bxf4 22. Nf3 f5 0-1

[Event "Landesklasse Ost 2012/2013"]
[Site "?"]
[Date "2013.02.17"]
[Round "7"]
[White "Streltsyn, Grygoriy"]
[Black "Zeising, Benjamin"]
[Result "1-0"]
[WhiteElo "2110"]
[BlackElo "1773"]
[PlyCount "73"]
[EventDate "2013.??.??"]
[WhiteTeam "Erfurter Schachklub"]
[BlackTeam "SG Arnstadt-Stadtilm"]

1. d4 Nf6 2. Nf3 g6 3. Bg5 Bg7 4. Nbd2 O-O 5. e4 d6 6. Bd3 Nbd7 7. Nf1 c5 8. c3
Qc7 9. Qd2 Rb8 10. Bh6 b5 11. a3 e5 12. d5 c4 13. Bc2 Nc5 14. Ng3 Bg4 15. h3
Bd7 16. h4 Bxh6 17. Qxh6 Ng4 18. Qd2 h5 19. Nh2 Nxh2 20. Rxh2 Kh7 21. f4 exf4
22. Qxf4 Bg4 23. Kd2 Rbe8 24. Re1 Re5 25. Nh1 Rfe8 26. Nf2 Qe7 27. Nxg4 Rxd5+
28. Kc1 hxg4 29. h5 Rxh5 30. Rxh5+ gxh5 31. Rh1 Qe5 32. Qxf7+ Kh6 33. Rf1 Nxe4
34. Rf5 Qh2 35. Bxe4 Rxe4 36. Rf6+ Kg5 37. Qg6+ 1-0

[Event "Landesklasse Ost 2012/2013"]
[Site "?"]
[Date "2013.02.17"]
[Round "7"]
[White "Habl, Klaus"]
[Black "Duzy, Stefan"]
[Result "0-1"]
[WhiteElo "1671"]
[BlackElo "1960"]
[PlyCount "38"]
[EventDate "2013.??.??"]
[WhiteTeam "SG Arnstadt-Stadtilm"]
[BlackTeam "Erfurter Schachklub"]

1. e4 c5 2. d4 cxd4 3. c3 dxc3 4. Nxc3 e6 5. Nf3 a6 6. Bc4 b5 7. Bb3 Bb7 8. Qe2
d6 9. O-O Nd7 10. Rd1 Ngf6 11. Bf4 b4 12. e5 bxc3 13. Ng5 dxe5 14. Bxe5 Qb6 15.
Bxe6 fxe6 16. Bc7 Qc6 17. f3 Bc5+ 18. Kh1 O-O 19. Nxe6 Rfe8 0-1

[Event "Landesklasse Ost 2012/2013"]
[Site "?"]
[Date "2013.02.17"]
[Round "7"]
[White "Troyke, Doreen"]
[Black "Specht, Horst"]
[Result "1-0"]
[WhiteElo "2025"]
[BlackElo "1569"]
[PlyCount "125"]
[EventDate "2013.??.??"]
[WhiteTeam "Erfurter Schachklub"]
[BlackTeam "SG Arnstadt-Stadtilm"]

1. c4 c5 2. g3 Nf6 3. Bg2 g6 4. Nc3 Bg7 5. e3 O-O 6. Nge2 e6 7. O-O Nc6 8. d4
cxd4 9. exd4 d5 10. cxd5 Nxd5 11. Re1 Nxc3 12. bxc3 Bd7 13. Rb1 b6 14. Ba3 Re8
15. Qd3 Rc8 16. Rec1 Bf8 17. Bxf8 Rxf8 18. c4 Na5 19. Nf4 Bc6 20. d5 exd5 21.
cxd5 Ba8 22. Bh3 Rxc1+ 23. Rxc1 Qd6 24. Bg2 Bb7 25. h4 Rc8 26. Rxc8+ Bxc8 27.
Qc3 Bb7 28. Qd4 Ba6 29. h5 Nc6 30. Qa4 Na5 31. h6 Qf8 32. d6 Qxd6 33. Qe8+ Qf8
34. Qd7 Bc8 35. Qxa7 Nc4 36. Qc7 b5 37. Nd5 Be6 38. Nf4 Nd6 39. Nxe6 fxe6 40.
Qd7 Nf7 41. Qxe6 Qxh6 42. Qe8+ Kg7 43. Qxb5 Qc1+ 44. Bf1 Qa3 45. Qb3 Qxb3 46.
axb3 Kf6 47. b4 Ke5 48. f4+ Kd6 49. Bc4 Nd8 50. Bg8 h6 51. Bh7 Nc6 52. b5 Nd4
53. b6 Kc6 54. Bxg6 Kxb6 55. Kg2 Kc5 56. Kh3 Ne6 57. Kg4 Kd6 58. Kh5 Ke7 59.
Kxh6 Kf6 60. Bh7 Kf7 61. Be4 Kf6 62. Bd3 Kf7 63. Bc4 1-0

[Event "Landesklasse Ost 2012/2013"]
[Site "?"]
[Date "2013.02.17"]
[Round "7"]
[White "Pecher, Peter"]
[Black "Schneider, Thomas"]
[Result "0-1"]
[WhiteElo "1378"]
[BlackElo "1864"]
[PlyCount "82"]
[EventDate "2013.??.??"]
[WhiteTeam "SG Arnstadt-Stadtilm"]
[BlackTeam "Erfurter Schachklub"]

1. Nf3 d5 2. d4 Nf6 3. e3 Bf5 4. Nc3 e6 5. Bd3 Bxd3 6. Qxd3 Nbd7 7. a3 c5 8.
O-O Be7 9. b3 O-O 10. Bb2 Rc8 11. dxc5 Nxc5 12. Qd1 a6 13. Rc1 b5 14. b4 Nce4
15. Nxe4 Nxe4 16. Qd3 Nd6 17. Ne5 Bf6 18. Bd4 Qc7 19. f4 Ne4 20. c3 Be7 21. Rc2
Bd6 22. Rfc1 Rfd8 23. g3 f6 24. Nf3 e5 25. fxe5 fxe5 26. Bc5 Bxc5 27. bxc5 Nxc5
28. Qe2 Ne4 29. Qd3 Nxg3 30. Nh4 Ne4 31. Rg2 Qc4 32. Qd1 Nxc3 33. Kh1 Nxd1 34.
Rxc4 Rxc4 35. Nf5 Rd7 36. Rg1 Nf2+ 37. Kg2 Ne4 38. Kf3 Rf7 39. Kg4 Nd6+ 40. Kh3
Nxf5 41. Rd1 Rh4+ 0-1

[Event "Landesklasse Ost 2012/2013"]
[Site "?"]
[Date "2013.02.17"]
[Round "7"]
[White "Fischer, Dieter"]
[Black "Riedel, Erich"]
[Result "1/2-1/2"]
[WhiteElo "1941"]
[BlackElo "1572"]
[PlyCount "52"]
[EventDate "2013.??.??"]
[WhiteTeam "Erfurter Schachklub"]
[BlackTeam "SG Arnstadt-Stadtilm"]

1. e4 e6 2. d3 d5 3. Nd2 c5 4. Ngf3 g6 5. g3 Bg7 6. Bg2 Ne7 7. O-O Nbc6 8. Re1
O-O 9. c3 d4 10. c4 e5 11. Nb3 b6 12. Bg5 f6 13. Bd2 g5 14. a4 a6 15. Rf1 Ng6
16. Ne1 Ra7 17. Bf3 Raf7 18. Ng2 Nce7 19. Bh5 Bh3 20. f4 Bxg2 21. Kxg2 gxf4 22.
gxf4 exf4 23. Bxf4 f5 24. Bg5 fxe4 25. Rxf7 Rxf7 26. dxe4 Nf4+ 1/2-1/2

[Event "Landesklasse Ost 2012/2013"]
[Site "?"]
[Date "2013.02.17"]
[Round "7"]
[White "Meng, Hans"]
[Black "Möller, Frank"]
[Result "0-1"]
[WhiteElo "1082"]
[BlackElo "1679"]
[PlyCount "102"]
[EventDate "2013.??.??"]
[WhiteTeam "SG Arnstadt-Stadtilm"]
[BlackTeam "Erfurter Schachklub"]

1. e4 e6 2. Nf3 d5 3. exd5 exd5 4. d4 Bd6 5. Bd3 Bg4 6. O-O Ne7 7. Bg5 f6 8.
Bh4 Nbc6 9. Be2 Qd7 10. Bg3 O-O-O 11. b3 Nf5 12. Bxd6 Qxd6 13. c4 dxc4 14. h3
Bxf3 15. Bxf3 Ncxd4 16. Be4 Qc5 17. Nd2 c3 18. Nc4 Rhe8 19. Re1 Kb8 20. Rc1 b5
21. Na5 Nd6 22. Qd3 Nxe4 23. Rxe4 Rxe4 24. Qxe4 Qd5 25. Qd3 c2 26. Kf1 Qd6 27.
Qxd4 Qxd4 28. Nc6+ Kb7 29. Nxd4 Rxd4 30. Rxc2 Kb6 31. Ke2 c5 32. Ke3 a5 33. a3
g5 34. g3 h5 35. f3 f5 36. f4 gxf4+ 37. gxf4 Rd1 38. Rg2 Rb1 39. Rg6+ Kc7 40.
Rf6 Rxb3+ 41. Kd2 Rxh3 42. Rxf5 Kd6 43. Rf6+ Kd5 44. Rf5+ Kd4 45. Re5 h4 46.
Rh5 Rxa3 47. Rxh4 Ra2+ 48. Kc1 Kc3 49. Rh3+ Kd4 50. Rf3 Ke4 51. Rf1 Ra1+ 0-1

[Event "Landesklasse Ost 2012/2013"]
[Site "?"]
[Date "2013.02.17"]
[Round "7"]
[White "August, Christian"]
[Black "Streisel, Gerald"]
[Result "1-0"]
[WhiteElo "1946"]
[BlackElo "1352"]
[PlyCount "51"]
[EventDate "2013.??.??"]
[WhiteTeam "Erfurter Schachklub"]
[BlackTeam "SG Arnstadt-Stadtilm"]

1. e4 c5 2. Nf3 Nc6 3. d4 cxd4 4. Nxd4 e6 5. Nb5 a6 6. Nd6+ Bxd6 7. Qxd6 Qa5+
8. Bd2 Qe5 9. Qxe5 Nxe5 10. Bc3 f6 11. f4 Nc6 12. a4 Nge7 13. Nd2 d5 14. b3
dxe4 15. Nxe4 Nd5 16. Bd2 O-O 17. O-O-O Kh8 18. Bc4 Nb6 19. Bd3 Rd8 20. Rde1
Nd5 21. Nc5 e5 22. fxe5 Nxe5 23. Be4 b5 24. Ba5 Rd6 25. Rd1 Nc6 26. Rxd5 1-0

[Event "Landesklasse Ost 2012/2013"]
[Site "?"]
[Date "2013.02.17"]
[Round "7"]
[White "Hoffmann, Tim"]
[Black "Eicke, Andreas"]
[Result "1-0"]
[WhiteElo "1887"]
[BlackElo "1814"]
[PlyCount "147"]
[EventDate "2013.??.??"]
[WhiteTeam "ESV Gera"]
[BlackTeam "Meuselwitzer SV"]

1. e4 d5 2. exd5 Qxd5 3. Nc3 Qa5 4. d4 Bf5 5. Nf3 Nf6 6. Bd2 c6 7. Bc4 e6 8.
O-O Nbd7 9. a3 Qc7 10. Re1 Bd6 11. h3 O-O 12. Nh4 Bg6 13. Bg5 Bh2+ 14. Kh1 Bf4
15. Nxg6 hxg6 16. Bxf4 Qxf4 17. Kg1 Nb6 18. Bb3 Rad8 19. Ne2 Qh4 20. Qc1 Rfe8
21. Qe3 Nbd5 22. Qg3 Qxg3 23. Nxg3 Nh5 24. Ne4 b6 25. c3 Nhf6 26. Nd2 Nf4 27.
Nc4 Nd7 28. Rad1 Nd5 29. g3 N5f6 30. Kg2 Kf8 31. f4 Nh7 32. g4 g5 33. Nd6 Re7
34. f5 Ndf6 35. Nc4 exf5 36. Rxe7 Kxe7 37. Ne5 Kf8 38. gxf5 Nd5 39. Kf3 g4+ 40.
Nxg4 f6 41. h4 Re8 42. Bxd5 cxd5 43. Ne3 Rd8 44. Ng2 Kf7 45. Nf4 Nf8 46. Rg1
Rd7 47. Rg2 Kg8 48. Nh5 Kh7 49. Re2 Kg8 50. Nf4 Rd6 51. Re7 a5 52. a4 Rd8 53.
Nh5 b5 54. Rxg7+ Kh8 55. Rb7 bxa4 56. Nxf6 Rd6 57. Rf7 Rb6 58. Rxf8+ Kg7 59.
Rg8+ Kf7 60. Rg2 Rxf6 61. Ke3 Rh6 62. Rh2 Rf6 63. h5 Kg7 64. h6+ Kh7 65. Kf4
Rb6 66. Kg5 a3 67. bxa3 Rb3 68. Re2 Rxc3 69. Re7+ Kh8 70. a4 Rc4 71. Kg6 Rc8
72. f6 Rg8+ 73. Rg7 Rb8 74. Rh7+ 1-0

[Event "Landesklasse Ost 2012/2013"]
[Site "?"]
[Date "2013.02.17"]
[Round "7"]
[White "Kühne, Niklas"]
[Black "Puschendorf, Steffen"]
[Result "0-1"]
[WhiteElo "1724"]
[BlackElo "2105"]
[PlyCount "74"]
[EventDate "2013.??.??"]
[WhiteTeam "Meuselwitzer SV"]
[BlackTeam "ESV Gera"]

1. c4 d6 2. Nc3 e5 3. g3 f5 4. Bg2 Nf6 5. e3 Be7 6. d4 O-O 7. Nge2 Qe8 8. O-O
c6 9. b3 Nbd7 10. Ba3 g5 11. f4 gxf4 12. gxf4 e4 13. d5 c5 14. Ng3 Qg6 15. Nb5
Ng4 16. Qe2 Bh4 17. Nh1 Rf7 18. Bb2 Nf8 19. h3 Nh6 20. Kh2 a6 21. Na3 Nd7 22.
Rg1 Kf8 23. Bf1 Ng4+ 24. hxg4 Nf6 25. g5 Ng4+ 26. Kh3 h6 27. Rxg4 fxg4+ 28.
Kxh4 hxg5+ 29. Kg3 Qh6 30. Kg2 gxf4 31. exf4 Rh7 32. Kf2 Qxf4+ 33. Ke1 Rxh1 34.
Qf2 Qf3 35. Qxf3+ exf3 36. Kd2 g3 37. Ke3 g2 0-1

[Event "Landesklasse Ost 2012/2013"]
[Site "?"]
[Date "2013.02.17"]
[Round "7"]
[White "Schmidt, Frank"]
[Black "Schmidt, Jörg"]
[Result "1/2-1/2"]
[WhiteElo "1937"]
[BlackElo "1763"]
[PlyCount "26"]
[EventDate "2013.??.??"]
[WhiteTeam "ESV Gera"]
[BlackTeam "Meuselwitzer SV"]

1. d4 Nf6 2. Nf3 d5 3. c4 e6 4. Nc3 Be7 5. Bg5 O-O 6. e3 h6 7. Bxf6 Bxf6 8. Qc2
Nc6 9. O-O-O dxc4 10. Bxc4 Qe7 11. e4 Qb4 12. Qb3 a6 13. Qxb4 Nxb4 1/2-1/2

[Event "Landesklasse Ost 2012/2013"]
[Site "?"]
[Date "2013.02.17"]
[Round "7"]
[White "Schmidt, Jens"]
[Black "Senf, Paul"]
[Result "0-1"]
[WhiteElo "1756"]
[BlackElo "1586"]
[PlyCount "130"]
[EventDate "2013.??.??"]
[WhiteTeam "Meuselwitzer SV"]
[BlackTeam "ESV Gera"]

1. e4 c6 2. d4 d5 3. Nc3 dxe4 4. Nxe4 Bf5 5. Ng3 Bg6 6. Nf3 Nd7 7. Bd3 Ngf6 8.
h4 e6 9. h5 Bxd3 10. Qxd3 h6 11. Bd2 Be7 12. O-O-O O-O 13. Ne2 c5 14. Nf4 cxd4
15. Qxd4 Bc5 16. Qa4 Bxf2 17. Bc3 Qc7 18. Nd3 Be3+ 19. Kb1 Nd5 20. Bd4 Bxd4 21.
Qxd4 Rac8 22. Rd2 a6 23. g4 Qc4 24. Qg1 Qe4 25. Qg3 N7f6 26. Re1 Qxg4 27. Qxg4
Nxg4 28. Rg1 Ngf6 29. Nfe5 Nxh5 30. Rh2 Ndf6 31. Ng4 Kh7 32. Nge5 Rcd8 33. b3
Rd4 34. Nc5 Rd5 35. Ned3 Rb8 36. Rhg2 g6 37. Rf2 Rf5 38. Rd2 Nf4 39. b4 Nxd3
40. Rxd3 a5 41. a3 axb4 42. axb4 Nd5 43. c3 b6 44. Ne4 Rf4 45. Re1 Re8 46. Kb2
h5 47. Kb3 b5 48. Nd6 Rb8 49. Ne4 Kh6 50. Rg3 h4 51. Rh3 g5 52. Nd6 Rb6 53. Ne4
Kh5 54. Nd2 Rc6 55. Re5 f6 56. Re1 g4 57. Rd3 h3 58. Ne4 Kh4 59. Nc5 h2 60.
Rdd1 Ne7 61. Rd8 Rf5 62. Ne4 Nd5 63. Rf1 Rh5 64. Rf8 f5 65. Nc5 Kg3 0-1

[Event "Landesklasse Ost 2012/2013"]
[Site "?"]
[Date "2013.02.17"]
[Round "7"]
[White "Hilbig, Dieter"]
[Black "Hercher, Ralf"]
[Result "1/2-1/2"]
[WhiteElo "1858"]
[BlackElo "1739"]
[PlyCount "109"]
[EventDate "2013.??.??"]
[WhiteTeam "ESV Gera"]
[BlackTeam "Meuselwitzer SV"]

1. e4 c5 2. Nc3 d6 3. f4 Nc6 4. Bb5 a6 5. Bxc6+ bxc6 6. Nf3 e6 7. O-O Be7 8. d3
Qc7 9. Qe1 Bb7 10. Bd2 a5 11. a4 h6 12. Qg3 Bf8 13. Ne2 Ne7 14. b3 Rg8 15. Qf2
Ng6 16. Ng3 Nh8 17. Rae1 Be7 18. Kh1 Ba6 19. e5 d5 20. f5 Bc8 21. Ng1 exf5 22.
Nxf5 Be6 23. Re2 Ng6 24. Nxe7 Qxe7 25. Nf3 d4 26. Bc1 Bd5 27. Kg1 Nf8 28. Nd2
Ne6 29. Ne4 Bxe4 30. Rxe4 Rf8 31. Qe1 Qb7 32. Bd2 Qb6 33. h4 Ra7 34. g4 Qd8 35.
Rf5 Rh8 36. g5 g6 37. Rf6 h5 38. Rf3 Qb6 39. Kg2 Rg8 40. Re2 Rg7 41. Ref2 Qc7
42. Qe4 Qd7 43. Kg1 Kd8 44. Rf6 Kc7 45. Qf3 Kb6 46. Bc1 Qd5 47. Qe2 Re7 48. Qe1
Qd8 49. Bd2 Ka6 50. Qf1 Qc7 51. Re2 Rg8 52. Qe1 Rd8 53. Bc1 Rd5 54. Bd2 Nd8 55.
Bf4 1/2-1/2

[Event "Landesklasse Ost 2012/2013"]
[Site "?"]
[Date "2013.02.17"]
[Round "7"]
[White "Kohl, Torsten"]
[Black "Steinmüller, Johannes"]
[Result "1/2-1/2"]
[WhiteElo "1691"]
[BlackElo "1761"]
[PlyCount "21"]
[EventDate "2013.??.??"]
[WhiteTeam "Meuselwitzer SV"]
[BlackTeam "ESV Gera"]

1. c4 Nf6 2. Nf3 g6 3. e3 c5 4. Be2 Bg7 5. O-O O-O 6. Nc3 d6 7. d3 Nc6 8. Bd2
Bf5 9. a3 Qd7 10. Rb1 Rac8 11. Ne1 1/2-1/2

[Event "Landesklasse Ost 2012/2013"]
[Site "?"]
[Date "2013.02.17"]
[Round "7"]
[White "Kupper, Matthias"]
[Black "Naundorf, Johannes"]
[Result "1/2-1/2"]
[WhiteElo "1772"]
[BlackElo "1476"]
[PlyCount "44"]
[EventDate "2013.??.??"]
[WhiteTeam "ESV Gera"]
[BlackTeam "Meuselwitzer SV"]

1. e4 Nf6 2. Nc3 d5 3. e5 Nfd7 4. d4 c5 5. Bb5 Nc6 6. Bxc6 bxc6 7. Nf3 Ba6 8.
Bf4 e6 9. Ne2 Qb6 10. b3 Bxe2 11. Kxe2 cxd4 12. Nxd4 Bb4 13. Nf3 Bc3 14. Rb1
Qc7 15. Qd3 Ba5 16. b4 Bb6 17. Rhe1 c5 18. c3 c4 19. Qd2 a5 20. a3 Qa7 21. Kf1
axb4 22. axb4 Qa2 1/2-1/2

[Event "Landesklasse Ost 2012/2013"]
[Site "?"]
[Date "2013.02.17"]
[Round "7"]
[White "Hofmann, Harald"]
[Black "Küffner, Rolf"]
[Result "1/2-1/2"]
[WhiteElo "1614"]
[BlackElo "1839"]
[PlyCount "35"]
[EventDate "2013.??.??"]
[WhiteTeam "Meuselwitzer SV"]
[BlackTeam "ESV Gera"]

1. d4 Nf6 2. c4 e6 3. Nc3 Bb4 4. Bd2 O-O 5. Nf3 c5 6. e3 d5 7. a3 Bxc3 8. Bxc3
Ne4 9. Qc2 Nxc3 10. bxc3 Nc6 11. Bd3 h6 12. O-O Qe7 13. h3 b6 14. Rfd1 dxc4 15.
Bxc4 Bb7 16. Be2 Rfd8 17. Qb2 Rac8 18. Ne1 1/2-1/2

[Event "Landesklasse Ost 2012/2013"]
[Site "?"]
[Date "2013.02.17"]
[Round "7"]
[White "Mysliwiec, Jörg"]
[Black "Schmidt, Uwe"]
[Result "1-0"]
[WhiteElo "2012"]
[BlackElo "1942"]
[PlyCount "80"]
[EventDate "2013.??.??"]
[WhiteTeam "SSV Vimaria 91 Weimar"]
[BlackTeam "SV Medizin Erfurt"]

1. b3 d5 2. Bb2 Nf6 3. Nf3 Bf5 4. c4 c6 5. g3 e6 6. Bg2 Nbd7 7. O-O Qc7 8. d3
Bd6 9. Nc3 O-O 10. Rc1 dxc4 11. bxc4 Rad8 12. Nh4 Bg6 13. Nxg6 hxg6 14. d4 Qa5
15. e4 Ba3 16. Bxa3 Qxa3 17. Qb3 Qa6 18. e5 Ne8 19. Rfd1 Nc7 20. f4 Rb8 21. a4
Rfd8 22. Ne4 Ne8 23. c5 b6 24. cxb6 Rxb6 25. Qa3 Rdb8 26. Qe7 Nf8 27. Nc5 Qe2
28. Re1 Qb2 29. Rcd1 Qa3 30. Qxa7 Rb2 31. Bxc6 Qa2 32. Nd3 Qc4 33. Nxb2 Rxb2
34. Qc5 Qa2 35. Ra1 Qb3 36. Ra3 Qb8 37. a5 Nc7 38. Be4 Na6 39. Qc4 Qa7 40. Rd1
g5 1-0

[Event "Landesklasse Ost 2012/2013"]
[Site "?"]
[Date "2013.02.17"]
[Round "7"]
[White "Vogel, Steffen"]
[Black "Sunderbrink, Heino"]
[Result "0-1"]
[WhiteElo "1834"]
[BlackElo "1947"]
[PlyCount "96"]
[EventDate "2013.??.??"]
[WhiteTeam "SSV Vimaria 91 Weimar"]
[BlackTeam "SV Medizin Erfurt"]

1. d4 d5 2. c4 e6 3. Nc3 Nf6 4. Bg5 Nbd7 5. e3 c6 6. Nf3 Qa5 7. Bxf6 Nxf6 8.
Bd3 Qb4 9. Qe2 Be7 10. O-O O-O 11. Rac1 Qa5 12. Qc2 g6 13. Ne5 Nd7 14. f4 f5
15. Nxd7 Bxd7 16. a3 Rfc8 17. c5 Qd8 18. Be2 b5 19. b4 a5 20. g4 Kg7 21. g5 Qc7
22. h4 axb4 23. axb4 Ra3 24. Qb2 Rca8 25. h5 Bxg5 26. Kg2 Bf6 27. hxg6 hxg6 28.
Rf3 R3a6 29. Rh1 Rh8 30. Rfh3 Rxh3 31. Rxh3 Qa7 32. Rh1 Be8 33. Bd3 g5 34. fxg5
Bxg5 35. Kf3 Kf6 36. Qh2 Qg7 37. Qe5+ Kf7 38. Qc7+ Be7 39. Qh2 Ra3 40. Qb2 Qg4+
41. Kf2 Bh4+ 42. Kf1 Rxc3 43. Be2 Qe4 44. Rxh4 Qxe3 45. Bd1 Rc1 46. Qe2 Qxe2+
47. Kxe2 Rb1 48. Kd3 Rxd1+ 0-1

[Event "Landesklasse Ost 2012/2013"]
[Site "?"]
[Date "2013.02.17"]
[Round "7"]
[White "Rost, Detlef"]
[Black "Gebuhr, Günter"]
[Result "1-0"]
[WhiteElo "1900"]
[BlackElo "1819"]
[PlyCount "61"]
[EventDate "2013.??.??"]
[WhiteTeam "SV Medizin Erfurt"]
[BlackTeam "SSV Vimaria 91 Weimar"]

1. d4 Nf6 2. c4 e6 3. Nf3 b6 4. g3 Bb7 5. Bg2 Be7 6. O-O O-O 7. d5 exd5 8. Nh4
d6 9. Nf5 Re8 10. Nc3 Nbd7 11. cxd5 Bf8 12. h3 Ne5 13. Qa4 Qd7 14. Qc2 c6 15.
dxc6 Bxc6 16. Bxc6 Qxc6 17. Bg5 Nd5 18. Nd4 Qc4 19. Nxd5 Qxd5 20. Rfd1 Ng6 21.
Be3 Rac8 22. Qa4 Qb7 23. Nf5 d5 24. Rac1 Re4 25. Qb3 Rec4 26. Qd3 Ne5 27. Qd2
Bb4 28. Rxc4 Bxd2 29. Rxc8+ Qxc8 30. Ne7+ Kf8 31. Nxc8 1-0

[Event "Landesklasse Ost 2012/2013"]
[Site "?"]
[Date "2013.02.17"]
[Round "7"]
[White "Mitter, Frank"]
[Black "Kube, Hannelore"]
[Result "1/2-1/2"]
[WhiteElo "1770"]
[BlackElo "1813"]
[PlyCount "64"]
[EventDate "2013.??.??"]
[WhiteTeam "SSV Vimaria 91 Weimar"]
[BlackTeam "SV Medizin Erfurt"]

1. d4 f5 2. c4 Nf6 3. Nc3 e6 4. Nf3 Be7 5. g3 d5 6. Bg2 c6 7. O-O O-O 8. Bf4
Qe8 9. b3 Nbd7 10. Qc2 Qh5 11. h3 Ne4 12. e3 g5 13. Bc7 g4 14. hxg4 fxg4 15.
Ne5 Ng5 16. f4 gxf3 17. g4 Qh6 18. Nxf3 Nf6 19. Nxg5 Qxg5 20. Qe2 e5 21. Bxe5
Bxg4 22. Qe1 Nh5 23. Qd2 Bb4 24. a3 Bxc3 25. Qxc3 Bf3 26. Ra2 Rf5 27. Raf2 Raf8
28. Qe1 Be4 29. Qe2 Ng3 30. Bxg3 Qxg3 31. Rxf5 Rxf5 32. Rxf5 Bxf5 1/2-1/2

[Event "Landesklasse Ost 2012/2013"]
[Site "?"]
[Date "2013.02.17"]
[Round "7"]
[White "Eger, Axel"]
[Black "Latka, Robert"]
[Result "0-1"]
[WhiteElo "1849"]
[BlackElo "1652"]
[PlyCount "86"]
[EventDate "2013.??.??"]
[WhiteTeam "SV Medizin Erfurt"]
[BlackTeam "SSV Vimaria 91 Weimar"]

1. d4 Nf6 2. c4 e5 3. dxe5 Ng4 4. Nf3 Bc5 5. e3 Nc6 6. Be2 O-O 7. O-O Ngxe5 8.
Nxe5 Nxe5 9. Nd2 d6 10. Nf3 Qf6 11. Nxe5 dxe5 12. Qc2 Rd8 13. Bd3 Rd6 14. Rd1
Qh4 15. g3 Qh5 16. Be2 Bg4 17. Bxg4 Qxg4 18. Rxd6 Bxd6 19. Kg2 e4 20. Bd2 Rd8
21. Bc3 Qf3+ 22. Kg1 Be7 23. Re1 h5 24. Qe2 Qf5 25. Rd1 h4 26. Rxd8+ Bxd8 27.
Qd1 Bg5 28. Qh5 h3 29. b3 Qc5 30. Qxh3 Bxe3 31. Qc8+ Kh7 32. Qh3+ Bh6 33. Bd2
Qd6 34. Qf5+ Qg6 35. Qxg6+ Kxg6 36. Bxh6 gxh6 37. Kf1 Kf5 38. Ke2 Kg4 39. Ke3
f5 40. h4 c5 41. a3 a5 42. a4 h5 43. Ke2 f4 0-1

[Event "Landesklasse Ost 2012/2013"]
[Site "?"]
[Date "2013.02.17"]
[Round "7"]
[White "Petigk, Falk"]
[Black "Knorre, Jonas"]
[Result "1-0"]
[WhiteElo "1674"]
[BlackElo "1600"]
[PlyCount "77"]
[EventDate "2013.??.??"]
[WhiteTeam "SSV Vimaria 91 Weimar"]
[BlackTeam "SV Medizin Erfurt"]

1. e4 c5 2. Nf3 Nc6 3. d4 cxd4 4. Nxd4 g6 5. c4 Bg7 6. Be3 Nf6 7. Nc3 O-O 8.
Nc2 a5 9. Be2 d6 10. O-O Nd7 11. Qd2 Nc5 12. Bh6 Bd7 13. h4 Qb6 14. Bxg7 Kxg7
15. h5 Ne6 16. Ne3 Ncd4 17. Bg4 Bc6 18. Ncd5 Qd8 19. f4 f5 20. exf5 gxf5 21.
h6+ Kg8 22. Bh5 Be8 23. Bxe8 Qxe8 24. Nc7 Ne2+ 25. Qxe2 Nxc7 26. Rf3 Qg6 27.
Rh3 Kh8 28. Qd3 e5 29. Qc3 Rae8 30. fxe5 dxe5 31. Qxa5 b6 32. Qc3 f4 33. Rf1
Rg8 34. Rxf4 Qe6 35. Rff3 Rg6 36. Nf5 Rf8 37. Ng7 Rxf3 38. Rxf3 Qd6 39. Qxe5
1-0

[Event "Landesklasse Ost 2012/2013"]
[Site "?"]
[Date "2013.02.17"]
[Round "7"]
[White "Stumm, Rainer"]
[Black "Koessl, Manfred"]
[Result "1/2-1/2"]
[WhiteElo "1632"]
[BlackElo "1385"]
[PlyCount "37"]
[EventDate "2013.??.??"]
[WhiteTeam "SV Medizin Erfurt"]
[BlackTeam "SSV Vimaria 91 Weimar"]

1. d4 d5 2. Nf3 Nf6 3. c4 e6 4. e3 c6 5. Nc3 Nbd7 6. Bd3 dxc4 7. Bxc4 Bb4 8.
Bd2 O-O 9. a3 Ba5 10. O-O Re8 11. Qc2 Bc7 12. Rac1 h6 13. b4 Nf8 14. b5 Bd7 15.
Ne5 cxb5 16. Nxb5 Bxb5 17. Bxb5 Re7 18. f4 Ba5 19. Bd3 1/2-1/2